000 nam a22 7a 4500
999 _c7225
_d7225
008 170731b xxu||||| |||| 00| 0 eng d
100 _93801
_aFortune
245 _aEncyclopedia of Forests
260 _aNew Delhi
_bFortune Books
_c2006